| 000 | 00461nam a2200157 i 4500 | ||
|---|---|---|---|
| 001 | 104061 | ||
| 003 | ES-MaACL | ||
| 005 | 20230906183512.0 | ||
| 007 | t| | ||
| 008 | 051122s1969 sp ||||1| spa d | ||
| 100 | 1 |
_aMicó Buchón, José Luis. _980948 |
|
| 245 | 1 | 0 |
_aHombre, belleza y Dios _b: ensayos de estética / _cJ. L. Micó Buchón, S. J. |
| 260 |
_aMadrid : _bStudium, _c1969. |
||
| 300 |
_a287 p. ; _c22 cm. |
||
| 852 |
_aES-MaACL _jC-36092 _bR.69377 |
||
| 999 |
_c104061 _d104061 |
||